000 00496nam a22001457a 4500
005 20151201114335.0
008 151201b xxu||||| |||| 00| 0 eng d
040 _cPK-LaUMT
082 _aMSC 572.39
_bKHA-S
100 _aخان، ایس اے
245 _aصحت ہی زندگی ہے
_bخوراک اور بیماریوں پر جدید علم کی روشنی میں تجزیہ
_cایس اے خان
260 _aلاہور
_bجمہوری پبلیکیشنز
_c2015
300 _a198 ص
942 _cBK
999 _c79342
_d79342